| 000 | 00561nam a22001937a 4500 | ||
|---|---|---|---|
| 005 | 20180720143028.0 | ||
| 008 | 180720b xxu||||| |||| 00| 0 eng d | ||
| 020 |
_a9788189884710 _c₹ 325.00 |
||
| 040 | _aLoreto College | ||
| 041 | _aEnglish | ||
| 082 |
_aF _bPAL |
||
| 100 | _aPal, Sampat | ||
| 245 |
_aWarrior in a pink sari _bThe inside story of Gulabi Gang as told to Anne Berthod _cSampat Pal translated from original french |
||
| 260 |
_aNew Delhi _bZubaan _c2012 |
||
| 300 |
_a206 p. _b24 cm. |
||
| 650 | _aFiction | ||
| 850 | _aLCLIB | ||
| 942 | _cBK | ||
| 999 |
_c41695 _d92174 |
||